000 01452nam a2200349 c 4500
999 _c167571
_d167571
003 BLK
005 20220222110743.0
008 180411b bul|||||r ||||||| ||bul||
010 _aKNG00175382000
040 _aBLK
041 _aBUL
_cBUL
072 7 _2bullib
_aК
_xКраезнание
080 _aБуби. Бубарство
_b638.2
_x(497.215)
_z638.2(497.215)
100 1 _aДачев, Гани Иванов
_eпърви автор
_9337562
139 _aДачев, Гани Иванов
_bД 25
245 1 0 _aКакво може да донесе бубарството на населението от Русенския окръг и частно на гр. Русе
_bРеферат
_cГани Иванов Дачев.
257 _aBGR
260 _bРусенска окр. постоянна комис.
_c1928
_fРусе : печ. Учител
300 _a22 с.
_c24 см
380 _a63
500 _aАвт. е директор на Русенската подвижна земед. катедра. - 1000 тир.
650 4 _aРусе - селско стопанство
_9337517
651 4 _aРусе
_9179462
653 _aбубарство
653 _aреферати
659 _aК
852 _aЦб 97151
852 _aК 63/Д 25 Г
856 4 _qpdf
856 4 _qpdf
942 _cKNG
_n0
_s1
944 _aCR
_c15.05.2015
_l15.05.2015 - от С1,Р / 15.05.2015
_kВаля_Йорданова
944 _aED
_c15.05.2015
_l15.05.2015 - от С1,Р / 15.05.2015
999 _d167571